| 000 | 00454nam a22001457a 4500 | ||
|---|---|---|---|
| 008 | 151009b xxu||||| |||| 00| 0 eng d | ||
| 020 | _a1558172424 | ||
| 050 | _aSPE PS 3661 .E423 1989 | ||
| 100 |
_aKenmore Frank. _d1989. |
||
| 245 |
_aThe Frakincense Trail/ _cFrank J. Kenmore. |
||
| 260 |
_aNew York: _bPinnacle Books, _c1989. |
||
| 300 | _a378p.: | ||
| 650 | _aEnglisg Fiction | ||
| 942 |
_2lcc _cSH_L_BOOKS _hSPE PS 3661 .E423 1989 _02 |
||
| 999 |
_c8180 _d8180 |
||